<?xml version="1.0" encoding="UTF-8"?><?xml-stylesheet type="text/xsl" href="static/style.xsl"?><OAI-PMH xmlns="http://www.openarchives.org/OAI/2.0/" xmlns:xsi="http://www.w3.org/2001/XMLSchema-instance" xsi:schemaLocation="http://www.openarchives.org/OAI/2.0/ http://www.openarchives.org/OAI/2.0/OAI-PMH.xsd"><responseDate>2026-04-13T00:51:22Z</responseDate><request verb="GetRecord" identifier="oai:www.recercat.cat:10459.1/463942" metadataPrefix="marc">https://recercat.cat/oai/request</request><GetRecord><record><header><identifier>oai:recercat.cat:10459.1/463942</identifier><datestamp>2025-09-15T19:02:59Z</datestamp><setSpec>com_2072_3622</setSpec><setSpec>col_2072_479130</setSpec></header><metadata><record xmlns="http://www.loc.gov/MARC21/slim" xmlns:dcterms="http://purl.org/dc/terms/" xmlns:xsi="http://www.w3.org/2001/XMLSchema-instance" xmlns:doc="http://www.lyncode.com/xoai" xsi:schemaLocation="http://www.loc.gov/MARC21/slim http://www.loc.gov/standards/marcxml/schema/MARC21slim.xsd">
   <leader>00925njm 22002777a 4500</leader>
   <datafield ind2=" " ind1=" " tag="042">
      <subfield code="a">dc</subfield>
   </datafield>
   <datafield ind2=" " ind1=" " tag="720">
      <subfield code="a">Hallit, Souheil</subfield>
      <subfield code="e">author</subfield>
   </datafield>
   <datafield ind2=" " ind1=" " tag="720">
      <subfield code="a">Rogoza, Radosław</subfield>
      <subfield code="e">author</subfield>
   </datafield>
   <datafield ind2=" " ind1=" " tag="720">
      <subfield code="a">Abi Semaan, Carl</subfield>
      <subfield code="e">author</subfield>
   </datafield>
   <datafield ind2=" " ind1=" " tag="720">
      <subfield code="a">Azzi, Vanessa</subfield>
      <subfield code="e">author</subfield>
   </datafield>
   <datafield ind2=" " ind1=" " tag="720">
      <subfield code="a">Sawma, Toni</subfield>
      <subfield code="e">author</subfield>
   </datafield>
   <datafield ind2=" " ind1=" " tag="720">
      <subfield code="a">Obeid, Sahar</subfield>
      <subfield code="e">author</subfield>
   </datafield>
   <datafield ind2=" " ind1=" " tag="260">
      <subfield code="c">2023</subfield>
   </datafield>
   <datafield ind2=" " ind1=" " tag="520">
      <subfield code="a">Background To the best of our knowledge, the Cyberchondria Severity Scale-12 (CSS-12) has not been translated into Arabic; therefore, our objective was to assess the psychometric properties of the Arabic version of the CSS (CSS12-Ar) among a sample of Lebanese adults. Methods Participants were enrolled in January 2021. A confirmatory factor analysis (CFA) was carried out using the MPlus software v.7.2, reporting several goodness-of-fit indicators: Relative Chi-square (χ2/df ), Root Mean Square Error of Approximation (RMSEA), Comparative Fit Index (CFI) and Tucker Lewis Index (TLI). To evaluate measurement invariance across gender, we conducted higher-order multiple group confirmatory analysis using lavaan software. Results 449 participants enrolled in this study (mean age: 24.34±8.22 years, 70.6% females). Since the correlations between the four-factor model were very high (r>0.8), we ran the higher-order CFA in which all first-order latent variables were loading a general factor. The analyzed model was well-fitted to the data χ2 (50)=173.34; p&lt;0.001; CFI=0.926; RMSEA=0.074 [0.062, 0.086]. The Cronbach’s alpha values were good for the total score (0.92), as well as for excessiveness (0.80), distress (0.77), reassurance (0.81) and compulsion (0.76). The results provided evidence of full scalar invariance across gender. The comparison of latent mean scores revealed no significant differences across gender, in either the cyberchondria total score or its facets. The CSS-12 score was positively associated with anxiety
(r=0.10; p=0.003) (convergent validity), OCD (r=0.11; p=0.016) and stress (r=0.35; p&lt;0.001) (concurrent validity). Conclusion The CSS-12-Ar was deemed a suitable scale to measure the severity of cyberchondria among Lebanese university students. We hope that researchers and clinicians can benefit now from this scale.</subfield>
   </datafield>
   <datafield tag="653" ind2=" " ind1=" ">
      <subfield code="a">Cyberchondria severity</subfield>
   </datafield>
   <datafield tag="653" ind2=" " ind1=" ">
      <subfield code="a">CSS-12</subfield>
   </datafield>
   <datafield tag="653" ind2=" " ind1=" ">
      <subfield code="a">Arabic</subfield>
   </datafield>
   <datafield tag="653" ind2=" " ind1=" ">
      <subfield code="a">Psychometric properties</subfield>
   </datafield>
   <datafield tag="653" ind2=" " ind1=" ">
      <subfield code="a">Validation</subfield>
   </datafield>
   <datafield tag="653" ind2=" " ind1=" ">
      <subfield code="a">Lebanon</subfield>
   </datafield>
   <datafield ind2="0" ind1="0" tag="245">
      <subfield code="a">Validation of the Arabic version of the cyberchondria severity scale 12 items (CSS-12-Ar) among a sample of Lebanese adults</subfield>
   </datafield>
</record></metadata></record></GetRecord></OAI-PMH>